| 000 | 00897nam a2200289 a 4500 | ||
|---|---|---|---|
| 001 | 000010179 | ||
| 003 | DO-SdBNP | ||
| 005 | 20170926092718.0 | ||
| 007 | 000010179 | ||
| 008 | 091005s1995 dr 000 p spa d | ||
| 040 |
_aBPMSU _bspa _cBPMSU |
||
| 082 | 0 | 4 |
_aRD861.44 _bG643h |
| 100 | 1 |
_aGonzález, Rafael, _d1963- |
|
| 245 | 1 | 0 |
_aHechizo de luna / _cRafael González ; prólogo Isael Pérez. |
| 260 |
_aSanto Domingo : _bBúho, _c1995. |
||
| 300 |
_a167 p. ; _c22 cm. |
||
| 490 | 1 |
_aA los cuatro vientos _v1 |
|
| 500 | _aIncluye datos biográficos del autor en la contracubierta | ||
| 650 | 4 | _aPOESÍA DOMINICANA | |
| 650 | 4 | _aLITERATURA DOMINICANA | |
| 700 | 1 |
_aPérez, Isael, _epról. |
|
| 830 | 0 |
_aA los cuatro vientos _v1 |
|
| 910 | _aValidado. Control de calidad MFF | ||
| 942 |
_2ddc _cBK |
||
| 945 | _a Inventariado / 2017 VM | ||
| 956 |
_aVMATEO _b10 _c20150908 _lBPMSU _h00151 |
||
| 999 |
_c7591 _d7591 |
||